000
00311nam a2200121Ia 4500
008
231228s2000 xx 000 0 und d
041
_a
eng
082
_a
5.133
_b
SCO
100
_a
SCOTT (M.L.)
245
_a
Programming Language: Programming
260
_a
New Delhi
_b
HARCOURT ASIA G
_c
2000
300
_a
XXI,856
999
_c
1086565
_d
1086565